Edad media ; (Registro nro. 30817)

Detalles MARC
000 -LÍDER
campo de control de longitud fija 00799nam a22002057a 4500
005 - FECHA Y HORA DE LA ÚLTIMA
campo de control 20240820161904.0
008 - ELEMENTOS DE DATOS DE LONGITUD FIJA - INFORMACIÓN GENERAL
campo de control de longitud fija 240820e2009 ck abc||r|||| 00| 0 spa d
020 ## - NÚMERO INTERNACIONAL NORMALIZADO DEL LIBRO
Número de libro estándar internacional 9789580512202
040 ## - FUENTE DE CATALOGACIÓN
Agencia de catalogación original CO-JMCR
Agencia de transcripción CO-JMCR
Agencia modificadora CO-JMCR
Convenciones de descripción rda
041 ## - CÓDIGO DE IDIOMA
Código de idioma del texto/pista de sonido o título independiente spa
082 ## - NÚMERO DE CLASIFICACIÓN DECIMAL DEWEY
Número de edición 23° edición
Número de clasificación 940.1
Número de artículo F22e
100 ## - ENTRADA PRINCIPAL - NOMBRE PERSONAL
Término relativo autor
Nombre personal Farieta Sarria , Germán
9 (RLIN) 43817
245 ## - DECLARACIÓN DEL TÍTULO
Título Edad media ;
Resto del título Diez siglos de historia (ss. V-XV) :
Declaración de responsabilidad, etc. Germán Farieta Sarria ; dirección editorial Yolanda Correal López
260 ## - PUBLICACIÓN, DISTRIBUCIÓN, ETC.
Lugar de publicación, distribución, etc. Bogotá :
Nombre del editor, distribuidor, etc. Grupo editorial educar ,
Fecha de publicación, distribución, etc. 2009
300 ## - DESCRIPCIÓN FÍSICA
Medida 216 páginas :
Otros detalles fisicos Ilustraciones, Mapas, Retratos
Dimensiones 20 cm
650 14 - ENTRADA AÑADIDA DE ASUNTO - TÉRMINO TEMÁTICO
Fuente del encabezado o término Edad media
Subdivisión general Historia
Subdivisión cronológica Siglos V-XV
9 (RLIN) 43818
650 24 - ENTRADA AÑADIDA DE ASUNTO - TÉRMINO TEMÁTICO
Fuente del encabezado o término Imperio bizantino
Subdivisión general Historia
Subdivisión cronológica Siglos V-XV
9 (RLIN) 43818
651 #4 -
-- Europa
-- Historia
-- Siglos V-XV
-- 43819
942 ## - ELEMENTOS DE ENTRADA AÑADIDOS (KOHA)
Source of classification or shelving scheme Dewey Decimal Classification
Tipo de artículo Koha Books
999 ## -
-- 30817
-- 17201
Existencias
Estado retirado